Mixed Signals How Incentives Really Work
Guardado en:
| Autor principal: | |
|---|---|
| Formato: | Libro |
| Lenguaje: | inglés |
| Publicado: |
New Haven
Yale University Press
2023
|
| Materias: | |
| Etiquetas: |
Sin Etiquetas, Sea el primero en etiquetar este registro!
|
MARC
| LEADER | 00000nam a2200000 4500 | ||
|---|---|---|---|
| 001 | 0302853 | ||
| 005 | 20240911113201.6 | ||
| 020 | |a 978-0-300-25553-9 | ||
| 041 | 0 | |a eng | |
| 044 | |a US | ||
| 245 | 1 | 0 | |a Mixed Signals |b How Incentives Really Work |c Uri Gneezy |
| 264 | 1 | |a New Haven |b Yale University Press |c 2023 | |
| 300 | |a 307 s. | ||
| 610 | 2 | 0 | |a psychológia |
| 610 | 2 | 0 | |a ekonómia behaviorálna |
| 610 | 2 | 0 | |a správanie |
| 610 | 2 | 0 | |a teória hier |
| 100 | 1 | |a Gneezy, Uri | |